Normal view MARC view

Entry Personal Name

Number of records used in: 2

001 - CONTROL NUMBER

  • control field: 73332

003 - CONTROL NUMBER IDENTIFIER

  • control field: dpl

005 - DATE AND TIME OF LATEST TRANSACTION

  • control field: 20241024111010.0

008 - FIXED-LENGTH DATA ELEMENTS

  • fixed length control field: 241024|| aca||aabn | a|a d

040 ## - CATALOGING SOURCE

  • Original cataloging agency: dpl
  • Transcribing agency: dpl

100 ## - HEADING--PERSONAL NAME

  • Personal name: Aron, Deepankar

670 ## - SOURCE DATA FOUND

  • Source citation: Work cat.: (dpl)206671: Aron, Deepankar, On The Trail Of Buddha A Journey To The East/, 2020

© Delhi Public Library
Hit Counter
free hit counter